000 00628nam a2200241Ia 4500
003 OSt
005 20220918205555.0
006 a|||||r|||| 00| 0
007 ta
008 220917b |||||||| |||| 00| 0 eng d
024 _a117,117
037 _cTextual
040 _aARTS
_cARTS
_beng
041 _2eng
_aeng
082 _aV671:4:L8, K2
100 _aHerold J Christopher
_9115528
245 0 _aBonaparte in Egypt
260 _aLondon
_bHamish Hamilton UK
_c1962
300 _a424p
_ccm.
650 _aHISTORY
942 _hV671:4:L8, K2
_cTEXL
_2CC
999 _c240407
_d240407